Science Quiz

Random Science or Clickable Quiz

Minute Multiplication Madness Quiz Stats

Quiz Updated May 7, 2015

Challenge
Share
Tweet
Embed
Score 0/30 Timer 01:00
1 Play Today
% Correct
???
98.3%
???
98.1%
???
97.6%
???
95.9%
???
94.6%
???
93.4%
???
92.6%
???
90.8%
???
88.7%
???
86%
???
84.2%
???
78.1%
???
73.6%
???
68.2%
???
62.4%
% Correct
???
55.4%
???
52%
???
42.8%
???
38.8%
???
33.7%
???
27.7%
???
23.9%
???
20.2%
???
15.6%
???
13.5%
???
10.5%
???
7.9%
???
6.7%
???
5.7%
???
5.1%

You're not logged in!

Compare scores with friends on all Sporcle quizzes.
Sign Up with Email
OR
Log In

You Might Also Like...

Show Comments

Extras

Top Quizzes Today


Score Distribution

Your Account Isn't Verified!

In order to create a playlist on Sporcle, you need to verify the email address you used during registration. Go to your Sporcle Settings to finish the process.

Report this User

Report this user for behavior that violates our Community Guidelines.

Details: